LEADER 01084nam a2200265 i 4500 001 000000031920 003 CaOOAMICUS 005 20180830125449.0 008 180830s1833 it u000 u ita u 040 $aSeMil$bita 100 1 $aBourdaloue, Louis,$c.$0(OLS)http://semarc/name/5823 245 10$aQuaresimale /$cdel padre L. Bourdaloue ; nuova traduzione italiana del sacerdote Serafino Cominetti. 260 $aCremona :$bLuigi De Micheli,$c1833-1835. 300 $a9 v. ;$c17 cm. 700 1 $aCominetti, Serafino.$0(OLS)http://semarc/name/5515 773 0 $aBourdaloue, Louis $tOpere complete di Bourdaloue.$dCremona : presso Luigi De Micheli, 1833-1838.$w()31918 774 0 $tVol. 1.$g1$w()241977 774 0 $tVol. 3.$g3$w()241978 774 0 $tVol. 2.$g2$w()241979 774 0 $tVol. 4.$g4$w()241980 774 0 $tVol. 5.$g5$w()241981 774 0 $tVol. 6.$g6$w()241982 774 0 $tVol. 7.$g7$w()241983 996 $6245$aQuaresimale$9(OLS)http://semarc/title/19242 996 $6260$aCremona :$bLuigi De Micheli$9(OLS)http://semarc/publisher/33154 LEADER 00837nam a2200205 i 4500 001 000000179414 003 CaOOAMICUS 005 20250901140505.0 008 090513s1979 xxk u000 u mul u 040 $aSeMil$bita 245 10$a2: The peace ; The birds ; The frogs. 300 $aVI, 442 p. 490 1 $aThe Loeb Classical Library ;$v179 773 0 $aAristophanes <445-385 a.C.>$tAristophanes.$dCambridge, Massachusetts : Harvard University Press ; London : Heinemann, 1979-1982.$g2$w()21311 830 4$aThe Loeb Classical Library ;$v179.$0(OLS)http://semarc/title/26868 850 $aSeMil 852 $aSeMil$W1$xVenegono$y1$m1Y II 52/2$j261190$B130176$CSeMilBibl$Z2$F141670 $81 961 $aOmaggio: Villa don Cesare 996 $6245$a2: The peace ; The birds ; The frogs$9(OLS)http://semarc/title/257598